Fr. Conceicao Rodrigues College of Engineering

Aditya Vikram Birla:A Biography (Record no. 32475)

MARC details
000 -LEADER
fixed length control field 00283nam a2200133Ia 4500
082 ## - DEWEY DECIMAL CLASSIFICATION NUMBER
Classification number 920/MER
Item number MER
100 ## - MAIN ENTRY--PERSONAL NAME
Personal name Merchant/Minhaz
245 ## - TITLE STATEMENT
Title Aditya Vikram Birla:A Biography
260 ## - PUBLICATION, DISTRIBUTION, ETC.
Name of publisher, distributor, etc. Viking
Date of publication, distribution, etc. 1997
546 ## - LANGUAGE NOTE
Language note ENGLISH
650 ## - SUBJECT ADDED ENTRY--TOPICAL TERM
Topical term or geographic name entry element General
654 ## - SUBJECT ADDED ENTRY--FACETED TOPICAL TERMS
Focus term birla
942 ## - ADDED ENTRY ELEMENTS (KOHA)
Koha item type BOOK
Holdings
Withdrawn status Lost status Damaged status Not for loan Collection Home library Current library Shelving location Date acquired Total Checkouts Full call number Barcode Date last seen Date last checked out Price effective from Koha item type
        CRC Fr. Agnel's C.Rodrigues College of Engineering Fr. Agnel's C.Rodrigues College of Engineering   17/03/2023 1 920/MER MER 16892 20/06/2025 09/06/2025   BOOK